Ville la plus peuplée par pays au Nord du cercle arctique - Statistiques

Statistiques générales
  • Ce quiz a été pris 50 fois
  • Le résultat moyen est 2 sur 7
Statistiques - réponses
Pays Population Réponse % Correct
Russie 270 384 Mourmansk
87%
Norvège 78 745 Tromsø
76%
Suède 17 513 Kiruna
20%
Finlande 8 126 Sodankylä
9%
États-Unis 4 927 Utqiagvik
9%
Canada 3 137 Inuvik
7%
Danemark 5 412 Sisimiut
7%
Aucun quiz correspondant
Distribution des résultats
% des personnes avec chaque résultat
Percentile par nombre de réponses
Votre historique - résultats
Vous n’avez pas pris ce quiz